00242 a2200085 450000100060000008200210000610000210002724500830004826000250013155396 a620.00420285 AMI aAmirouche, Farid aPrinciples of computer-aided design and manufacturing, 2nd EdcFarid Amirouche aDelhibPearsonc2004